Key concepts in politics and international relations / (Record no. 305404)
[ view plain ]
| 000 -LEADER | |
|---|---|
| fixed length control field | 00644nam a22002177a 4500 |
| 003 - CONTROL NUMBER IDENTIFIER | |
| control field | LC |
| 005 - DATE AND TIME OF LATEST TRANSACTION | |
| control field | 20170213151804.0 |
| 008 - FIXED-LENGTH DATA ELEMENTS--GENERAL INFORMATION | |
| fixed length control field | 170201b xxu||||| |||| 00| 0 eng d |
| 020 ## - INTERNATIONAL STANDARD BOOK NUMBER | |
| International Standard Book Number | 9781403932105 |
| 050 ## - LIBRARY OF CONGRESS CALL NUMBER | |
| Classification number | JX 1395 H62 2015 |
| 100 ## - MAIN ENTRY--PERSONAL NAME | |
| Personal name | Heywood, Andrew |
| 245 ## - TITLE STATEMENT | |
| Title | Key concepts in politics and international relations / |
| Statement of responsibility, etc | Andrew Heywood |
| 250 ## - EDITION STATEMENT | |
| Edition statement | Second ed. |
| 260 ## - PUBLICATION, DISTRIBUTION, ETC. (IMPRINT) | |
| Place of publication, distribution, etc | Basingstoke : |
| Name of publisher, distributor, etc | Palgrave , |
| Date of publication, distribution, etc | 2015 |
| 300 ## - PHYSICAL DESCRIPTION | |
| Extent | xiv, 260 pages : |
| Other physical details | ill. ; |
| Dimensions | 24 cm. |
| 440 ## - SERIES STATEMENT/ADDED ENTRY--TITLE | |
| Title | Palgrave key concepts. |
| 500 ## - GENERAL NOTE | |
| General note | Includes index and bibliography |
| 650 ## - SUBJECT ADDED ENTRY--TOPICAL TERM | |
| Topical term or geographic name as entry element | World politics |
| 650 ## - SUBJECT ADDED ENTRY--TOPICAL TERM | |
| Topical term or geographic name as entry element | International relations |
| 942 ## - ADDED ENTRY ELEMENTS (KOHA) | |
| Source of classification or shelving scheme | Library of Congress Classification |
| Koha item type | Books |
| Withdrawn status | Lost status | Source of classification or shelving scheme | Damaged status | Home library | Current library | Shelving location | Date acquired | Source of acquisition | Total Checkouts | Total Renewals | Full call number | Barcode | Date last seen | Date checked out | Price effective from | Koha item type |
|---|---|---|---|---|---|---|---|---|---|---|---|---|---|---|---|---|
| Library of Congress Classification | Luxembourg Library | Luxembourg Library | Teachers Reference Section | 02/01/2017 | Library Fund | 1 | 2 | JX 1395 H62 2015 | 20379 | 12/13/2018 | 11/07/2018 | 02/01/2017 | Books |